[Event "Titled Tuesday intern op 24th Sep Early"]
[Site "Chess.com INT"]
[Date "2024.09.24"]
[Round "8"]
[White "Manukian, Artak"]
[Black "Dreelinck, Jacob"]
[Result "1-0"]
[WhiteElo "2104"]
[BlackElo "2267"]
[PlyCount "71"]
[EventDate "2024.09.24"]
[EventType "swiss (blitz)"]
[EventRounds "11"]
[EventCountry "USA"]
[SourceTitle "EXT 2025"]
[Source "ChessBase"]
[SourceDate "2024.10.14"]
[SourceVersion "1"]
[SourceVersionDate "2024.10.14"]
[SourceQuality "1"]

1. e4 c5 2. Nf3 Nc6 3. c3 f5 4. e5 Nh6 5. d4 Nf7 6. h4 e6 7. Ng5 Be7 8. Nxf7 Kxf7 9. Bc4 b6 10. Bf4 Na5 11. Be2 Bb7 12. Bf3 Bxf3 13. Qxf3 cxd4 14. 0-0 Nc6 15. Rd1 Qc7 16. cxd4 Qb7 17. Nc3 Na5 18. d5 Rhd8 19. Bg5 Bxg5 20. hxg5 Rac8 21. b4 Qc7 22. dxe6+ dxe6 23. Rxd8 Qxd8 24. bxa5 Qd4 25. Qb7+ Kg6 26. Qxc8 Kxg5 27. Rd1 Qxe5 28. Qd8+ Kh5 29. Qd4 Qxa5 30. Qxg7 h6 31. Ne2 Qa4 32. Ng3+ Kh4 33. Qxh6+ Kg4 34. Qg6+ Kf4 35. Nh5+ Ke4 36. Qxe6# 1-0

[Event "Titled Tuesday intern op 24th Sep Early"]
[Site "Chess.com INT"]
[Date "2024.09.24"]
[Round "10"]
[White "Manukian, Artak"]
[Black "Wu, Derek"]
[Result "0-1"]
[WhiteElo "2104"]
[BlackElo "2232"]
[PlyCount "108"]
[EventDate "2024.09.24"]
[EventType "swiss (blitz)"]
[EventRounds "11"]
[EventCountry "USA"]
[SourceTitle "EXT 2025"]
[Source "ChessBase"]
[SourceDate "2024.10.14"]
[SourceVersion "1"]
[SourceVersionDate "2024.10.14"]
[SourceQuality "1"]

1. e4 c5 2. Nf3 e6 3. c3 Nf6 4. e5 Nd5 5. d4 cxd4 6. cxd4 d6 7. Nc3 Nxc3 8. bxc3 Qc7 9. Bd2 Nd7 10. Bb5 a6 11. Bxd7+ Bxd7 12. 0-0 Bc6 13. Re1 Be7 14. Bf4 0-0 15. exd6 Bxd6 16. Bxd6 Qxd6 17. Ne5 Rac8 18. Re3 Bd5 19. Rg3 f6 20. Ng4 Rc7 21. h4 Qf4 22. Rc1 Rfc8 23. h5 Kh8 24. h6 gxh6 25. Qe1 Rg8 26. Ne3 Rxg3 27. fxg3 Qe4 28. Nxd5 exd5 29. Qxe4 dxe4 30. c4 Kg7 31. g4 Kg6 32. Kf2 Kg5 33. Ke3 Re7 34. d5 Kxg4 35. c5 f5 36. c6 bxc6 37. dxc6 Rc7 38. Kd4 Kg3 39. Rc2 h5 40. Ke5 e3 41. Kxf5 e2 42. Rxe2 Rxc6 43. Ke5 h4 44. Kd5 Rc3 45. Kd4 Rc1 46. Re7 Kxg2 47. Rxh7 h3 48. Rg7+ Kh1 49. Rg6 h2 50. Rxa6 Kg2 51. Rg6+ Kf3 52. Rh6 h1Q 53. Rxh1 Rxh1 54. a4 Ra1 0-1

[Event "Titled Tuesday intern op 24th Sep Early"]
[Site "Chess.com INT"]
[Date "2024.09.24"]
[Round "9"]
[White "Rosh, Jain"]
[Black "Manukian, Artak"]
[Result "0-1"]
[WhiteElo "2076"]
[BlackElo "2104"]
[PlyCount "160"]
[EventDate "2024.09.24"]
[EventType "swiss (blitz)"]
[EventRounds "11"]
[EventCountry "USA"]
[SourceTitle "EXT 2025"]
[Source "ChessBase"]
[SourceDate "2024.10.14"]
[SourceVersion "1"]
[SourceVersionDate "2024.10.14"]
[SourceQuality "1"]

1. e4 c6 2. Nc3 d5 3. Nf3 dxe4 4. Nxe4 Nf6 5. Qe2 Nxe4 6. Qxe4 Qd5 7. Qh4 Qe6+ 8. Be2 Qg4 9. Qg3 f6 10. d4 Qxg3 11. hxg3 Nd7 12. Bf4 Nb6 13. c4 Bf5 14. b3 g5 15. Be3 0-0-0 16. 0-0 h5 17. Nd2 h4 18. g4 Bd7 19. f4 h3 20. f5 Bg7 21. Nf3 e6 22. Nh2 hxg2 23. Kxg2 Na8 24. Bd3 Nc7 25. Nf3 c5 26. dxc5 Bc6 27. Bc2 Kb8 28. b4 exf5 29. Bxf5 Rhe8 30. Rae1 Ne6 31. b5 Bd7 32. Rd1 Bc8 33. c6 b6 34. Rfe1 Bf8 35. Rxd8 Rxd8 36. Bxb6 axb6 37. Bxe6 Bb4 38. Re4 Re8 39. Bd5 Rxe4 40. Bxe4 Bxg4 41. Nd4 Bc5 42. Bf5 Bxd4 43. Bxg4 Kc7 44. Kf3 Bc5 45. Ke4 Kd6 46. a4 Bb4 47. Kf5 Bc3 48. Kg6 Kc7 49. Kf7 Bd4 50. Ke6 Bc3 51. Kd5 Bb4 52. Bf5 Kd8 53. Ke6 Kc7 54. Kxf6 Bd2 55. Bg4 Bf4 56. Ke6 Bd2 57. Kd5 Bb4 58. Ke6 Bd2 59. c5 bxc5 60. Kd5 Kb6 61. Kd6 Bf4+ 62. Kd5 Be3 63. Kc4 Bf4 64. Bd7 Bc7 65. Kd5 Bf4 66. Bg4 Be3 67. Ke6 Bf4 68. Kd7 c4 69. Bd1 c3 70. Ke6 g4 71. Kf5 g3 72. Kxf4 g2 73. a5+ Kxa5 74. c7 g1Q 75. c8Q Qxd1 76. Qa6+ Kb4 77. b6 Qd4+ 78. Kf5 Qd5+ 79. Kf6 Qd6+ 80. Kg5 c2 0-1

[Event "Titled Tuesday intern op 17th Sep Early"]
[Site "Chess,com INT"]
[Date "2024.09.17"]
[Round "1"]
[White "Manukian, Artak"]
[Black "Khoa, Goodwill"]
[Result "1-0"]
[WhiteElo "2104"]
[BlackElo "1890"]
[PlyCount "87"]
[EventDate "2024.09.17"]
[EventType "swiss (blitz)"]
[EventRounds "11"]
[EventCountry "USA"]
[SourceTitle "EXT 2025"]
[Source "ChessBase"]
[SourceDate "2024.10.14"]
[SourceVersion "1"]
[SourceVersionDate "2024.10.14"]
[SourceQuality "1"]

1. e4 e5 2. Nf3 Nc6 3. d4 exd4 4. Nxd4 Bc5 5. Nxc6 bxc6 6. Bc4 Nf6 7. e5 d5 8. exf6 dxc4 9. Qxd8+ Kxd8 10. fxg7 Rg8 11. Bg5+ Ke8 12. Bf6 Be7 13. Bxe7 Kxe7 14. 0-0 Rxg7 15. Nd2 Be6 16. Rfe1 Kf8 17. Nf3 Bd5 18. Re3 Re8 19. Rxe8+ Kxe8 20. Re1+ Kf8 21. Re3 f5 22. Kf1 f4 23. Ra3 a6 24. Ne1 Ke7 25. Rxa6 c3 26. b3 Kd6 27. Ra4 Rf7 28. Nd3 f3 29. g3 Re7 30. Nf4 Rf7 31. Rd4 Ke5 32. Rd3 Be4 33. Rxc3 Rxf4 34. gxf4+ Kxf4 35. a4 Ke5 36. a5 c5 37. Rxc5+ Kd6 38. Rc3 c5 39. a6 Kc6 40. b4 Kb6 41. Rxc5 Kxa6 42. Ke1 Kb6 43. Kd2 Bb7 44. Ke3 1-0

[Event "Titled Tuesday intern op 17th Sep Early"]
[Site "Chess,com INT"]
[Date "2024.09.17"]
[Round "4"]
[White "Manukian, Artak"]
[Black "Pawar, Harshit"]
[Result "0-1"]
[WhiteElo "2104"]
[BlackElo "2213"]
[PlyCount "86"]
[EventDate "2024.09.17"]
[EventType "swiss (blitz)"]
[EventRounds "11"]
[EventCountry "USA"]
[SourceTitle "EXT 2025"]
[Source "ChessBase"]
[SourceDate "2024.10.14"]
[SourceVersion "1"]
[SourceVersionDate "2024.10.14"]
[SourceQuality "1"]

1. e4 e6 2. d4 d5 3. e5 c5 4. c3 Nc6 5. Nf3 Nge7 6. a3 Nf5 7. Bd3 Bd7 8. 0-0 Be7 9. b4 cxd4 10. Bxf5 exf5 11. Nxd4 0-0 12. Re1 Be6 13. Nd2 Rc8 14. N2b3 Nxd4 15. cxd4 b6 16. Bb2 Qd7 17. Qd3 f4 18. Rac1 Bf5 19. Qf3 Bg5 20. h3 h6 21. Rxc8 Rxc8 22. Rc1 Be4 23. Qg4 Rxc1+ 24. Bxc1 Qa4 25. Qd1 Bb1 26. h4 Be7 27. Bxf4 Ba2 28. Qg4 Qxb3 29. Qc8+ Bf8 30. e6 fxe6 31. Bd6 Qb1+ 32. Kh2 Qf5 33. Bxf8 Qxf8 34. Qxe6+ Kh8 35. Kg3 Bc4 36. f4 Qf6 37. Qxf6 gxf6 38. f5 h5 39. Kf3 Bd3 40. Kf4 Kg7 41. g3 b5 42. g4 hxg4 43. Kxg4 Kh6 0-1

[Event "Titled Tuesday intern op 10th Sep Early"]
[Site "Chess,com INT"]
[Date "2024.09.10"]
[Round "6"]
[White "Gelman, Alexander"]
[Black "Manukian, Artak"]
[Result "1-0"]
[WhiteElo "2403"]
[BlackElo "2104"]
[PlyCount "91"]
[EventDate "2024.09.10"]
[EventType "swiss (blitz)"]
[EventRounds "11"]
[EventCountry "USA"]
[SourceTitle "EXT 2025"]
[Source "ChessBase"]
[SourceDate "2024.10.14"]
[SourceVersion "1"]
[SourceVersionDate "2024.10.14"]
[SourceQuality "1"]

1. c4 g6 2. d3 Bg7 3. Nf3 c5 4. e3 e5 5. a3 Nc6 6. Be2 a5 7. Nc3 Nge7 8. Rb1 0-0 9. 0-0 d5 10. cxd5 Nxd5 11. Ne4 b6 12. Bd2 f5 13. Nc3 Be6 14. Qc2 Rc8 15. Nxd5 Bxd5 16. Rbc1 Bf6 17. Rfd1 g5 18. e4 Be6 19. exf5 Bxf5 20. Be3 g4 21. Nd2 Kg7 22. Ne4 h5 23. Qb3 Rb8 24. Ng3 Bg6 25. Qe6 Qe8 26. Qc4 Qf7 27. Qa4 Rfc8 28. Rf1 Qe8 29. Qc4 Qf7 30. Qa4 Qe8 31. Qc2 Nd4 32. Bxd4 cxd4 33. Qb3 Qf7 34. Qb5 Qe8 35. Qa6 Bg5 36. Rxc8 Qxc8 37. Qb5 Qe8 38. Qd5 Rd8 39. Qb7+ Rd7 40. Qxb6 Qf7 41. f3 Be3+ 42. Kh1 h4 43. fxg4 Qd5 44. Nh5+ Bxh5 45. gxh5 h3 46. Qg6+ 1-0

[Event "Titled Tuesday intern op 03rd Sep Early"]
[Site "Chess.com INT"]
[Date "2024.09.03"]
[Round "8"]
[White "Manukian, Artak"]
[Black "Andrade, Ivan"]
[Result "1-0"]
[WhiteElo "2104"]
[BlackElo "2132"]
[PlyCount "43"]
[EventDate "2024.09.03"]
[EventType "swiss (blitz)"]
[EventRounds "11"]
[EventCountry "USA"]
[SourceTitle "EXT 2025"]
[Source "ChessBase"]
[SourceDate "2024.10.14"]
[SourceVersion "1"]
[SourceVersionDate "2024.10.14"]
[SourceQuality "1"]

1. e4 c5 2. Nf3 d6 3. Bb5+ Bd7 4. Bxd7+ Qxd7 5. c4 Nc6 6. Nc3 g6 7. d4 cxd4 8. Nxd4 Bg7 9. Be3 Nf6 10. f3 0-0 11. 0-0 a6 12. a4 Rac8 13. b3 Rfd8 14. Rc1 e6 15. Qd2 d5 16. cxd5 exd5 17. Nxc6 Rxc6 18. exd5 Nxd5 19. Nxd5 Rxc1 20. Rxc1 Qxd5 21. Qxd5 Rxd5 22. Rc8+ 1-0

[Event "Titled Tuesday intern op 03rd Sep Early"]
[Site "Chess.com INT"]
[Date "2024.09.03"]
[Round "2"]
[White "Manukian, Artak"]
[Black "Wang, Jalen"]
[Result "1-0"]
[WhiteElo "2104"]
[BlackElo "2109"]
[PlyCount "57"]
[EventDate "2024.09.03"]
[EventType "swiss (blitz)"]
[EventRounds "11"]
[EventCountry "USA"]
[SourceTitle "EXT 2025"]
[Source "ChessBase"]
[SourceDate "2024.10.14"]
[SourceVersion "1"]
[SourceVersionDate "2024.10.14"]
[SourceQuality "1"]

1. e4 c5 2. Nf3 e6 3. c3 Nf6 4. e5 Nd5 5. d4 cxd4 6. cxd4 d6 7. Nc3 dxe5 8. Nxe5 Nxc3 9. bxc3 Bd7 10. Qf3 Qc7 11. Qxf7+ Kd8 12. Bg5+ Kc8 13. Nxd7 Qxc3+ 14. Ke2 Qxa1 15. Qe8+ Kc7 16. Bf4+ Bd6 17. Bxd6+ Kxd6 18. Qxh8 Qxa2+ 19. Ke3 Kxd7 20. Bb5+ Kc7 21. Rc1+ Kb6 22. Bd3 Qd5 23. Qc8 Nc6 24. Rb1+ Ka5 25. Qxa8 Qg5+ 26. f4 Qxg2 27. Qxb7 Qh3+ 28. Kd2 Qxh2+ 29. Kc3 1-0

[Event "Titled Tuesday intern op 27th Aug Early"]
[Site "Chess.com INT"]
[Date "2024.08.27"]
[Round "4"]
[White "Manukian, Artak"]
[Black "Persson, Richard"]
[Result "1-0"]
[WhiteElo "2104"]
[BlackElo "2106"]
[PlyCount "47"]
[EventDate "2024.08.27"]
[EventType "swiss (blitz)"]
[EventRounds "11"]
[EventCountry "USA"]
[SourceTitle "EXT 2025"]
[Source "ChessBase"]
[SourceDate "2024.10.14"]
[SourceVersion "1"]
[SourceVersionDate "2024.10.14"]
[SourceQuality "1"]

1. e4 a6 2. d4 e6 3. c4 d5 4. e5 c5 5. dxc5 d4 6. a3 a5 7. Nf3 Nc6 8. Nbd2 Bxc5 9. Ne4 Ba7 10. Nd6+ Kf8 11. Bf4 h6 12. h4 Nge7 13. Bd3 Qc7 14. Bg3 Bd7 15. 0-0 Nc8 16. Rc1 Nxd6 17. exd6 Qd8 18. c5 f6 19. h5 e5 20. Nh4 Be8 21. Ng6+ Bxg6 22. hxg6 b6 23. Qb3 Qd7 24. cxb6 1-0

[Event "Abu Dhabi Masters Online"]
[Site "Chess.com INT"]
[Date "2024.08.21"]
[Round "5"]
[White "Manukian, Artak"]
[Black "Klaver, Cornelis"]
[Result "1-0"]
[WhiteElo "2104"]
[BlackElo "2072"]
[PlyCount "83"]
[EventDate "2024.08.21"]
[EventType "swiss (blitz)"]
[EventRounds "11"]
[EventCountry "UAE"]
[SourceTitle "CBM 221 Extra"]
[Source "ChessBase"]
[SourceDate "2024.09.30"]
[SourceVersion "1"]
[SourceVersionDate "2024.09.30"]
[SourceQuality "1"]

1. e4 c5 2. Nf3 Nc6 3. c3 d5 4. exd5 Qxd5 5. d4 Bf5 6. Be3 e6 7. dxc5 Qxd1+ 8. Kxd1 0-0-0+ 9. Nbd2 Nf6 10. Kc1 Ng4 11. b4 Nxe3 12. fxe3 h6 13. Nd4 Bh7 14. Nc4 Be7 15. Kb2 Kc7 16. Be2 Be4 17. Bf3 Bxf3 18. gxf3 e5 19. Nb5+ Kb8 20. Nbd6 Bxd6 21. Nxd6 Rhf8 22. Rad1 a6 23. e4 Na7 24. Rd5 Nc8 25. Rhd1 Nxd6 26. cxd6 f6 27. c4 b6 28. c5 bxc5 29. bxc5 Kb7 30. Kc3 Kc6 31. Rb1 Rb8 32. Rxb8 Rxb8 33. Kc4 Rb7 34. h4 a5 35. a3 g5 36. h5 Rd7 37. Rd3 Rb7 38. Rb3 Rxb3 39. Kxb3 f5 40. exf5 e4 41. f6 exf3 42. f7 1-0

[Event "Titled Tuesday intern op 20th Aug Early"]
[Site "Chess.com INT"]
[Date "2024.08.20"]
[Round "8"]
[White "Clawitter, Craig"]
[Black "Manukian, Artak"]
[Result "0-1"]
[WhiteElo "2050"]
[BlackElo "2104"]
[PlyCount "53"]
[EventDate "2024.08.20"]
[EventType "swiss (blitz)"]
[EventRounds "11"]
[EventCountry "USA"]
[SourceTitle "EXT 2025"]
[Source "ChessBase"]
[SourceDate "2024.10.14"]
[SourceVersion "1"]
[SourceVersionDate "2024.10.14"]
[SourceQuality "1"]

1. e4 c6 2. d4 d5 3. e5 Bf5 4. Nf3 e6 5. Be2 c5 6. Be3 Qb6 7. Nc3 Qxb2 8. Qb1 Qxb1+ 9. Rxb1 c4 10. Rxb7 Bxc2 11. Kd2 Bg6 12. Bd1 Ba3 13. Nb5 Bb4+ 14. Kc1 Na6 15. Nc7+ Nxc7 16. Rxb4 Ne7 17. Rb7 Kd7 18. Bg5 Nc6 19. Ba4 Rhb8 20. Rxb8 Rxb8 21. Nd2 Nb5 22. Be3 Nc3 23. Bxc6+ Kxc6 24. h4 Nxa2+ 25. Kd1 c3 26. h5 Bd3 27. Nf3 0-1

[Event "Titled Tuesday intern op 20th Aug Early"]
[Site "Chess.com INT"]
[Date "2024.08.20"]
[Round "2"]
[White "Manukian, Artak"]
[Black "Andrade, Ivan"]
[Result "1-0"]
[WhiteElo "2104"]
[BlackElo "2140"]
[PlyCount "75"]
[EventDate "2024.08.20"]
[EventType "swiss (blitz)"]
[EventRounds "11"]
[EventCountry "USA"]
[SourceTitle "EXT 2025"]
[Source "ChessBase"]
[SourceDate "2024.10.14"]
[SourceVersion "1"]
[SourceVersionDate "2024.10.14"]
[SourceQuality "1"]

1. e4 c5 2. Nf3 d6 3. Bb5+ Bd7 4. Bxd7+ Qxd7 5. c4 Nc6 6. Nc3 e5 7. d3 h6 8. 0-0 Nf6 9. Nd5 Be7 10. Nxf6+ Bxf6 11. h3 Qe7 12. Rb1 Bg5 13. Nxg5 hxg5 14. Be3 Rh4 15. f3 f6 16. a3 a5 17. Qa4 Qd8 18. Ra1 Ra6 19. Qc2 Kf7 20. Kf2 Kg6 21. Rae1 a4 22. Rh1 Qd7 23. b3 axb3 24. Qxb3 Rh8 25. Ra1 Rha8 26. h4 g4 27. h5+ Kh7 28. fxg4 Qxg4 29. h6 R8a7 30. hxg7+ Kxg7 31. g3 Nd4 32. Bxd4 cxd4 33. Rh4 Qg5 34. Qb5 Qd2+ 35. Kg1 Qe3+ 36. Kh2 b6 37. Qe8 Ra8 38. Qe7+ 1-0

[Event "Titled Tuesday intern op 20th Aug Early"]
[Site "Chess.com INT"]
[Date "2024.08.20"]
[Round "3"]
[White "Manukian, Artak"]
[Black "Barria Zuniga, Daniel"]
[Result "0-1"]
[WhiteElo "2104"]
[BlackElo "2341"]
[PlyCount "102"]
[EventDate "2024.08.20"]
[EventType "swiss (blitz)"]
[EventRounds "11"]
[EventCountry "USA"]
[SourceTitle "EXT 2025"]
[Source "ChessBase"]
[SourceDate "2024.10.14"]
[SourceVersion "1"]
[SourceVersionDate "2024.10.14"]
[SourceQuality "1"]

1. e4 c5 2. Nf3 Nc6 3. c3 d5 4. exd5 Qxd5 5. d4 Nf6 6. Be3 cxd4 7. cxd4 e6 8. Nc3 Qd6 9. Bd3 Be7 10. 0-0 0-0 11. Qe2 b6 12. g3 Bb7 13. Bf4 Qd8 14. Rad1 Nb4 15. Bb1 Rc8 16. Rfe1 Nfd5 17. Bd2 Nxc3 18. bxc3 Qd5 19. cxb4 Qxf3 20. Qxf3 Bxf3 21. Rc1 Bd5 22. a3 Bf6 23. Be3 Rfd8 24. Bd3 Bb7 25. Rxc8 Rxc8 26. Rc1 Rxc1+ 27. Bxc1 Bxd4 28. Kf1 Bd5 29. b5 f5 30. h4 g6 31. Ke2 e5 32. f3 Kf7 33. h5 Ke6 34. hxg6 hxg6 35. Bd2 e4 36. fxe4 fxe4 37. Bc2 Bc4+ 38. Kd1 Kd5 39. a4 e3 40. Be1 g5 41. g4 Bb2 42. Bb4 Kd4 43. a5 Bc3 44. Bxc3+ Kxc3 45. axb6 axb6 46. Bf5 Kb4 47. Bd7 Bxb5 48. Bxb5 Kxb5 49. Ke2 Kc4 50. Kxe3 Kd5 51. Kd2 Ke4 0-1

[Event "Titled Tuesday intern op 20th Aug Early"]
[Site "Chess.com INT"]
[Date "2024.08.20"]
[Round "1"]
[White "Sammed Jaykumar, Shete"]
[Black "Manukian, Artak"]
[Result "1-0"]
[WhiteElo "2386"]
[BlackElo "2104"]
[PlyCount "39"]
[EventDate "2024.08.20"]
[EventType "swiss (blitz)"]
[EventRounds "11"]
[EventCountry "USA"]
[SourceTitle "EXT 2025"]
[Source "ChessBase"]
[SourceDate "2024.10.14"]
[SourceVersion "1"]
[SourceVersionDate "2024.10.14"]
[SourceQuality "1"]

1. g3 h5 2. Bg2 h4 3. gxh4 Rxh4 4. Nf3 Rg4 5. Bh3 Rg6 6. d4 d5 7. Bxc8 Qxc8 8. Bf4 Nc6 9. c4 dxc4 10. d5 Nb8 11. Nc3 a6 12. Qa4+ Nd7 13. Qxc4 c6 14. Rc1 b5 15. Qd3 c5 16. a4 c4 17. Qe3 b4 18. Ne4 Qd8 19. Nh4 Rg4 20. Nd6# 1-0

[Event "Titled Tuesday intern op 13th Aug Early"]
[Site "Chess.com INT"]
[Date "2024.08.13"]
[Round "11"]
[White "Bykov, Egor"]
[Black "Manukian, Artak"]
[Result "1-0"]
[WhiteElo "2430"]
[BlackElo "2104"]
[PlyCount "61"]
[EventDate "2024.08.13"]
[EventType "swiss (blitz)"]
[EventRounds "11"]
[EventCountry "USA"]
[SourceTitle "EXT 2025"]
[Source "ChessBase"]
[SourceDate "2024.10.14"]
[SourceVersion "1"]
[SourceVersionDate "2024.10.14"]
[SourceQuality "1"]

1. e4 c6 2. d4 d5 3. e5 Bf5 4. Nd2 e6 5. Nb3 Nd7 6. Nf3 h6 7. Be2 Ne7 8. 0-0 g5 9. a4 Ng6 10. Re1 c5 11. dxc5 Bxc5 12. Nxc5 Nxc5 13. Bb5+ Kf8 14. Nd4 Kg7 15. g4 Be4 16. b4 Na6 17. Bxa6 bxa6 18. f3 Nxe5 19. Bb2 f6 20. Nxe6+ Kg6 21. Nxd8 Nxf3+ 22. Kf2 Nxe1 23. Qxe1 Rhxd8 24. c4 Rac8 25. c5 a5 26. Rc1 axb4 27. Qxb4 Rf8 28. c6 f5 29. gxf5+ Rxf5+ 30. Kg1 h5 31. Qd6+ 1-0

[Event "Titled Tuesday intern op 13th Aug Early"]
[Site "Chess.com INT"]
[Date "2024.08.13"]
[Round "3"]
[White "Manukian, Artak"]
[Black "Andrade, Ivan"]
[Result "1-0"]
[WhiteElo "2104"]
[BlackElo "2140"]
[PlyCount "95"]
[EventDate "2024.08.13"]
[EventType "swiss (blitz)"]
[EventRounds "11"]
[EventCountry "USA"]
[SourceTitle "EXT 2025"]
[Source "ChessBase"]
[SourceDate "2024.10.14"]
[SourceVersion "1"]
[SourceVersionDate "2024.10.14"]
[SourceQuality "1"]

1. e4 c5 2. Nf3 d6 3. Bb5+ Nd7 4. 0-0 Ngf6 5. Re1 e5 6. c3 Be7 7. d4 0-0 8. a4 a6 9. Bf1 h6 10. a5 Qc7 11. Nbd2 b5 12. axb6 Nxb6 13. dxe5 dxe5 14. Nc4 Nxc4 15. Bxc4 Bb7 16. Nd2 Rad8 17. Qe2 a5 18. f3 Bc6 19. Nf1 Kh7 20. Ne3 g6 21. g4 Ne8 22. Nd5 Bxd5 23. Bxd5 Bg5 24. Bxg5 hxg5 25. Qe3 f6 26. Red1 Kg7 27. c4 Rb8 28. Rd2 Qb6 29. Qa3 Qb3 30. Qxb3 Rxb3 31. Kg2 Nd6 32. Rxa5 Rfb8 33. Ra2 R8b6 34. Rc2 Rd3 35. Ra3 Rd1 36. Ra5 Rb1 37. Rxc5 R1xb2 38. Rxb2 Rxb2+ 39. Kg3 f5 40. Rc7+ Kf6 41. Rc6 Ke7 42. c5 f4+ 43. Kh3 Nb5 44. Rxg6 Nd4 45. Rg7+ Kf6 46. Rf7+ Kg6 47. Rb7 Nxf3 48. Rxb2 1-0

[Event "Titled Tuesday intern op 06th Aug Early"]
[Site "Chess.com INT"]
[Date "2024.08.06"]
[Round "8"]
[White "Manukian, Artak"]
[Black "Punin, Andrii"]
[Result "1/2-1/2"]
[WhiteElo "2104"]
[BlackElo "2289"]
[PlyCount "114"]
[EventDate "2024.08.06"]
[EventType "swiss (blitz)"]
[EventRounds "11"]
[EventCountry "USA"]
[SourceTitle "EXT 2025"]
[Source "ChessBase"]
[SourceDate "2024.10.14"]
[SourceVersion "1"]
[SourceVersionDate "2024.10.14"]
[SourceQuality "1"]

1. e4 Nc6 2. Nf3 d6 3. d4 Nf6 4. Nc3 g6 5. Bb5 a6 6. Ba4 Bd7 7. d5 Ne5 8. Nxe5 dxe5 9. Bxd7+ Qxd7 10. Bg5 Bg7 11. 0-0 0-0 12. Qd2 Nh5 13. Rad1 f5 14. f3 f4 15. Bh4 Bf6 16. Bf2 g5 17. h3 Kh8 18. Qd3 Rg8 19. Rfe1 Rg6 20. Kf1 Ng7 21. Ke2 Ne8 22. a4 Nd6 23. Bc5 h5 24. Rh1 Kg7 25. Rh2 Kf7 26. Rdh1 Rag8 27. Kd1 g4 28. hxg4 hxg4 29. Kc1 g3 30. Rh7+ R6g7 31. Bxd6 exd6 32. Kb1 Rxh7 33. Rxh7+ Bg7 34. Qc4 Kg6 35. Rh1 Rh8 36. Rxh8 Bxh8 37. b4 Bf6 38. Kb2 Bd8 39. Kb3 Qh7 40. b5 a5 41. b6 cxb6 42. Qc8 Qe7 43. Nb5 Kf7 44. Qb8 Qh4 45. Nxd6+ Kg6 46. Qxb7 Be7 47. Nf5 Qh1 48. Nxe7+ Kg5 49. Nf5 Qb1+ 50. Kc3 Qe1+ 51. Kb3 Qb4+ 52. Ka2 Qxa4+ 53. Kb2 Qb4+ 54. Kc1 Qe1+ 55. Kb2 Qb4+ 56. Ka2 Qa4+ 57. Kb2 Qb4+ 1/2-1/2

[Event "Titled Tuesday intern op 06th Aug Early"]
[Site "Chess.com INT"]
[Date "2024.08.06"]
[Round "7"]
[White "Vifleemskaia, Svetlana"]
[Black "Manukian, Artak"]
[Result "0-1"]
[WhiteElo "1942"]
[BlackElo "2104"]
[PlyCount "76"]
[EventDate "2024.08.06"]
[EventType "swiss (blitz)"]
[EventRounds "11"]
[EventCountry "USA"]
[SourceTitle "EXT 2025"]
[Source "ChessBase"]
[SourceDate "2024.10.14"]
[SourceVersion "1"]
[SourceVersionDate "2024.10.14"]
[SourceQuality "1"]

1. d4 Nf6 2. c4 g6 3. Nc3 Bg7 4. e4 0-0 5. Nge2 d6 6. Ng3 e5 7. d5 a5 8. Be2 Na6 9. h4 h6 10. h5 g5 11. Nf5 Bxf5 12. exf5 Re8 13. Be3 Qd7 14. g4 Nc5 15. Qd2 a4 16. Bxg5 hxg5 17. Qxg5 Nh7 18. Qe3 f6 19. h6 Bf8 20. Rh5 Be7 21. f3 Kh8 22. Kf2 Rg8 23. Rah1 Bd8 24. f4 exf4 25. Qxf4 c6 26. Rd1 Bb6 27. Kf1 Rad8 28. Bf3 Ng5 29. Bg2 Nf7 30. Ne2 Ne5 31. Nd4 Rxg4 32. Qd2 Rdg8 33. Rh2 Ncd3 34. Ne6 Qh7 35. c5 Qxf5+ 36. Kg1 Nxc5 37. Nxc5 Bxc5+ 38. Kh1 Nf3 0-1

[Event "Titled Tuesday intern op 30th Jul Early"]
[Site "Chess.com INT"]
[Date "2024.07.30"]
[Round "8"]
[White "Manukian, Artak"]
[Black "Herpai, Jozsef Matyas"]
[Result "1/2-1/2"]
[WhiteElo "2196"]
[BlackElo "2011"]
[PlyCount "73"]
[EventDate "2024.07.30"]
[EventType "swiss (blitz)"]
[EventRounds "11"]
[EventCountry "USA"]
[SourceTitle "EXT 2025"]
[Source "ChessBase"]
[SourceDate "2024.10.14"]
[SourceVersion "1"]
[SourceVersionDate "2024.10.14"]
[SourceQuality "1"]

1. e4 c5 2. Nf3 d6 3. Bb5+ Nd7 4. 0-0 a6 5. Bd3 g6 6. c3 Bg7 7. Bc2 e5 8. d4 exd4 9. cxd4 Ngf6 10. e5 dxe5 11. dxe5 Ng4 12. e6 fxe6 13. Ng5 Nde5 14. Qe2 0-0 15. h3 Nh6 16. f4 Nc6 17. Nxe6 Bxe6 18. Qxe6+ Kh8 19. Nc3 Nd4 20. Qe4 Re8 21. Qd3 c4 22. Qd1 Nxc2 23. Qxc2 Qd4+ 24. Kh2 Nf5 25. g4 Ne3 26. Bxe3 Rxe3 27. Rad1 Qc5 28. Qf2 Rae8 29. Rde1 Bd4 30. Rxe3 Rxe3 31. Qg2 Bxc3 32. bxc3 Qe7 33. Rf3 Re2 34. Rf2 Re3 35. Rf3 Re2 36. Rf2 Re3 37. Rf3 1/2-1/2